Secret Oceanian City and Oceanian Countries - Statistics

General Stats
  • This quiz has been taken 307 times
  • The average score is 3 of 15
Answer Stats
Country Answer % Correct
Nauru a
99%
Fiji Fiji
59%
{MELBOURNE}
19%
Palau Paa
19%
Samoa Saa
19%
Tonga Tga
18%
Tuvalu Tva
18%
Vanuatu Vaat
17%
Australia Astaia
15%
Kiribati Kiiati
12%
New Zealand w Zaad
12%
Marshall Islands asha Isads
9%
Papua New Guinea Papa w Gia
9%
Solomon Islands S Isads
9%
FS of Micronesia icsia
6%
No matching quizzes found
Score Distribution
Percent of People with Each Score
Percentile by Number Answered
Your Score History
You have not taken this quiz